| 000 | 00386nam a2200145 a 4500 | ||
|---|---|---|---|
| 001 | 827 | ||
| 003 | CDMR | ||
| 005 | 20130705123925.0 | ||
| 008 | 130130s1993||||||||||||||||||||||||||||d | ||
| 040 |
_aCDMR _bcat _cCPC GIRONA |
||
| 100 | 1 |
_aBellés, Xavier _9649 |
|
| 245 | 1 | 3 |
_aEl Castell de Llordà _bUna història escrita amb pedres _cBellés, Xavier |
| 260 |
_c1993 _bGarsineu |
||
| 942 |
_cMON _2udc |
||
| 999 |
_c827 _d827 |
||